World Capitals Trivia - Statistics

General Stats
  • This quiz has been taken 1,670 times
    1,641 since last reset
  • The average score is 7 of 12
Answer Stats
Hint Capital % Correct
This capital became the largest city in the world around 1850. London, United Kingdom
89%
This city is the world’s most populous national capital, based on city proper population. Beijing, China
82%
This city was burned by the British in 1814. Washington D.C., United States
75%
This capital is the home of twin towers that were the tallest buildings in the world from 1998 to 2004. Kuala Lumpur, Malaysia
72%
Known as “The World’s Wildlife Capital,” this city is four miles from a National Park with lions, cheetahs, giraffes, and more. Nairobi, Kenya
66%
In an alphabetical list of national capitals, this city is last. Zagreb, Croatia
61%
This capital was founded by Spanish conquistador Francisco Pizarro in 1535. Lima, Peru
57%
In 1952, this city was the first world capital to host the Winter Olympics. Oslo, Norway
55%
This capital is widely believed to be the oldest continuously inhabited city in the world. Damascus, Syria
46%
In an alphabetical list of national capitals, this city is first. Abu Dhabi, United Arab Emirates
33%
This city has the highest elevation of any national capital in Africa. Addis Ababa, Ethiopia
32%
This city was built in secret and inaugurated as a new national capital in 2006. Naypiydaw, Myanmar
22%
No matching quizzes found
Score Distribution
Percent of People with Each Score
Percentile by Number Answered
Your Score History
You have not taken this quiz since the last reset